| 000 | 00483nam a22001457a 4500 | ||
|---|---|---|---|
| 008 | 151026b xxu||||| |||| 00| 0 eng d | ||
| 020 | _a9789966251138 | ||
| 050 | _aAFR HC 800 .R63 2015 | ||
| 100 |
_aRodney, Walter. _d2015. |
||
| 245 |
_aHow Europe Underdeveloped Africa _cWalter Rodney |
||
| 260 |
_aNairobi, _bEast African Educational Publishers, _c2015. |
||
| 300 |
_axxiv, 292p. _c20cm. |
||
| 650 | _aHistory | ||
| 942 |
_2lcc _cSH_L_BOOKS _hAFR HC 800 .R63 2015 _010 |
||
| 999 |
_c9392 _d9392 |
||